000
00260nam a22001217a 4500
008
170525b xxu||||| |||| 00| 0 eng d
041
_a
eng
080
_a
621.38
100
_a
56
101
_a
IM
245
_a
POWER ELECTRONIC
_c
HERMAN..C
942
_2
udc
_c
BK
999
_c
14204
_d
14204